00405nam a2200157Ia 4500003000400000008004100004040001600045082001700061100002300078245003400101260004200135300000800177490002500185650001500210650002200225GCL140319s9999 xx 000 0 eng d aGCL / cGCL04aCHb843bA C1 aANDERSEN, VIRGINIA10aCONTES / cANDERSEN, VIRGINIA a[S.N] : bLE LIVRE DE POCHE ، c1994 a192 aLE LIVRE DE POCHEv004aLITERATURE04aFRENCH LITERATURE